Playhouse Disney/Disney Junior Characters: Letter F - Statistics

General Stats
  • This quiz has been taken 9 times
  • The average score is 5 of 9
Answer Stats
Picture Answer % Correct
Flounder
100%
Figaro
75%
Fauna
63%
Flora
63%
Fuli
50%
Felipe
38%
Fran the Squirrel
38%
Flicker
25%
Frred
13%
No matching quizzes found
Score Distribution
Percent of People with Each Score
Percentile by Number Answered
Your Score History
You have not taken this quiz